00456nam a22001217a 4500082001600000245009400016260003800110300001000148490005000158942000700208999001500215952010400230 a658.404 GUI aGuide to practical Project appraisal:social beneft-cost analysis in developing countries/ aNew York:bUnited Nations,c1978. a122p; aProjct Formulation and Evaluation Series No.3 cBK c3801d3801 0010708NFICaICbICcGENd2016-12-17l0o658.404 GUIp000950r2022-11-17 00:00:00w2016-12-17yBK